| 000 | 00378 a2200169 4500 | ||
|---|---|---|---|
| 001 | 173640 | ||
| 020 | _a | ||
| 040 | _cMagnum | ||
| 100 | _aMoraes, Antonieta Dias de | ||
| 240 | 1 | 0 |
_aSerá que a noite é um pássaro? _lpor |
| 245 | 1 | 0 | _aSerá que a noite é um pássaro? |
| 300 | _a32 | ||
| 362 | 0 | _a1988 | |
| 440 | 1 | _aFTD | |
| 697 | _aLITERATURA INFANTO | ||
| 942 | _cBK | ||
| 999 |
_c173640 _d173640 |
||